000
00203nmm a2200085Ia 4500
008
150209s2015||||xx |||||||||||||||||und||
100
_a
DOUGLAS,G
245
_a
MACLEOD'S CLINICAL EXAMINATION
942
_2
ddc
_c
CD
999
_c
5901
_d
5901